000 01936nam a22002657a 4500
001 125276
003 UA-OsUOA
005 20230627162120.0
007 ta
008 20170912b un ||||| |||| 00| 0 ukr d
020 _a9789668575008
040 _aUA-OsUOA
_bukr
_cUA-OsUOA
_dUA-OsUOA
041 _aukr
080 _a82-94(477)
090 _a82-94(477)
_bК64
100 _aКонквест Р.
245 _aВеликий терор. Сталінські чистки тридцятих років
_cРоберт Конквест ; пер. з англ. Наталії Волошинович, Зорини Корабліної
260 _aЛуцьк
_bТерен
_c2009
300 _a880 с.
520 _aКнига Р. Конквеста "Великий терор" - вражаюче за своєю ґрунтовністю й фаховістю дослідження періоду сталінських репресій 30-х років ХХ століття. За допомогою наукових джерел, письмових свідчень очевидців та жертв терору, документів тієї епохи автор проливає світло на один із найбільш замовчуваних періодів історії СРСР. Погляд західного дослідника на перебіг подій особливо цікавий ще й тому, що це - незаангажований погляд зі сторони. А представлений у книзі аналіз терору як явища неодмінно стане ґрунтом для нових досліджень сучасних українських істориків.
650 7 _a82 Література. Літературознавство
_2UDC
942 _cBK
_2udc
955 _a4
999 _c412489
_d412489